Enemies of the people : (Record no. 589250)
[ view plain ]
| 000 -LEADER | |
|---|---|
| fixed length control field | 01622cam a22004214a 4500 |
| 001 - CONTROL NUMBER | |
| control field | 15685948 |
| 003 - CONTROL NUMBER IDENTIFIER | |
| control field | NUST |
| 005 - DATE AND TIME OF LATEST TRANSACTION | |
| control field | 20220420120223.0 |
| 008 - FIXED-LENGTH DATA ELEMENTS--GENERAL INFORMATION | |
| fixed length control field | 090403s2009 nyua b 001 0deng |
| 010 ## - LIBRARY OF CONGRESS CONTROL NUMBER | |
| LC control number | 2009014480 |
| 020 ## - INTERNATIONAL STANDARD BOOK NUMBER | |
| International Standard Book Number | 9781416586128 (alk. paper) |
| 020 ## - INTERNATIONAL STANDARD BOOK NUMBER | |
| International Standard Book Number | 1416586121 (alk. paper) |
| 038 ## - RECORD CONTENT LICENSOR | |
| Staff Name | waseem |
| 040 ## - CATALOGING SOURCE | |
| Original cataloging agency | DLC |
| Transcribing agency | DLC |
| Modifying agency | DLC |
| 043 ## - GEOGRAPHIC AREA CODE | |
| Geographic area code | e-hu--- |
| -- | n-us--- |
| 050 00 - LIBRARY OF CONGRESS CALL NUMBER | |
| Classification number | DB992 |
| Item number | .M37 2009 |
| 082 00 - DEWEY DECIMAL CLASSIFICATION NUMBER | |
| Classification number | 305.9/069140922439 |
| Author Mark | MAR |
| 100 1# - MAIN ENTRY--PERSONAL NAME | |
| Personal name | Marton, Kati. |
| 9 (RLIN) | 91067 |
| 245 10 - TITLE STATEMENT | |
| Title | Enemies of the people : |
| Remainder of title | my family's journey to America / |
| Statement of responsibility, etc. | Kati Marton. |
| 250 ## - EDITION STATEMENT | |
| Edition statement | 1st Simon & Schuster hardcover ed. |
| 260 ## - PUBLICATION, DISTRIBUTION, ETC. | |
| Place of publication, distribution, etc. | New York : |
| Name of publisher, distributor, etc. | Simon & Schuster, |
| Date of publication, distribution, etc. | 2009. |
| 300 ## - PHYSICAL DESCRIPTION | |
| Extent | x, 272 p. : |
| Other physical details | ill. ; |
| Dimensions | 25 cm. |
| 504 ## - BIBLIOGRAPHY, ETC. NOTE | |
| Bibliography, etc. note | Includes bibliographical references and index. |
| 563 ## - BINDING INFORMATION | |
| Binding note | HBK. |
| 600 10 - SUBJECT ADDED ENTRY--PERSONAL NAME | |
| Personal name | Marton, Kati |
| General subdivision | Childhood and youth. |
| 9 (RLIN) | 91068 |
| 600 10 - SUBJECT ADDED ENTRY--PERSONAL NAME | |
| Personal name | Marton, Endre, |
| Dates associated with a name | 1910-2005. |
| 9 (RLIN) | 91069 |
| 600 10 - SUBJECT ADDED ENTRY--PERSONAL NAME | |
| Personal name | Marton, Ilona, |
| Dates associated with a name | -2004. |
| 9 (RLIN) | 91070 |
| 610 10 - SUBJECT ADDED ENTRY--CORPORATE NAME | |
| Corporate name or jurisdiction name as entry element | Hungary. |
| Subordinate unit | Államvédelmi Hatóság. |
| 9 (RLIN) | 91071 |
| 650 #0 - SUBJECT ADDED ENTRY--TOPICAL TERM | |
| Topical term or geographic name entry element | Journalists |
| Geographic subdivision | Hungary |
| -- | Budapest |
| Form subdivision | Biography. |
| 9 (RLIN) | 91072 |
| 650 #0 - SUBJECT ADDED ENTRY--TOPICAL TERM | |
| Topical term or geographic name entry element | Political prisoners |
| Geographic subdivision | Hungary |
| Form subdivision | Biography. |
| 9 (RLIN) | 91073 |
| 650 #0 - SUBJECT ADDED ENTRY--TOPICAL TERM | |
| Topical term or geographic name entry element | World War, 1939-1945 |
| Geographic subdivision | Hungary |
| -- | Budapest. |
| 9 (RLIN) | 91074 |
| 650 #0 - SUBJECT ADDED ENTRY--TOPICAL TERM | |
| Topical term or geographic name entry element | Hungarian Americans |
| Form subdivision | Biography. |
| 9 (RLIN) | 91075 |
| 651 #0 - SUBJECT ADDED ENTRY--GEOGRAPHIC NAME | |
| Geographic name | Budapest (Hungary) |
| Form subdivision | Biography. |
| 9 (RLIN) | 91076 |
| 651 #0 - SUBJECT ADDED ENTRY--GEOGRAPHIC NAME | |
| Geographic name | Hungary |
| General subdivision | History |
| Chronological subdivision | 1945-1989. |
| 9 (RLIN) | 91077 |
| 906 ## - LOCAL DATA ELEMENT F, LDF (RLIN) | |
| a | 7 |
| b | cbc |
| c | orignew |
| d | 1 |
| e | ecip |
| f | 20 |
| g | y-gencatlg |
| 942 ## - ADDED ENTRY ELEMENTS (KOHA) | |
| Source of classification or shelving scheme | |
| Koha item type | Book |
| Withdrawn status | Lost status | Source of classification or shelving scheme | Damaged status | Not for loan | Permanent Location | Current Location | Shelving location | Date acquired | Source of acquisition | Total Checkouts | Full call number | Barcode | Date last seen | Price effective from | Koha item type |
|---|---|---|---|---|---|---|---|---|---|---|---|---|---|---|---|
| Central Library (CL) | Central Library (CL) | Sociology | 04/20/2022 | Donation | 305.9069140922439 MAR | CL-D-1712 | 04/20/2022 | 04/20/2022 | Book |
